000 00326nam a2200157Ia 4500
003 OSt
005 20231120062259.0
008 170524s9999 xx 000 0 und d
020 _a1-74045-281-X
040 _cIIMT
100 _aHill- diana
245 0 _aB B Q food
260 _bMurdoch
260 _c2004
942 _2ddc
_c02
999 _c7158
_d7158